Bundesliga - Ewige Torschützenliste - Statistiken

Allgemein
  • Dieses Quiz wurde 134 mal gespielt
  • Das Durchschnittsergebnis liegt bei 12 aus 25
Antwortstatistiken
Tore Vereine Zeitraum Nationalität Antwort % Korrekt
365 Bayern 1964-1979 Deutschland Gerd Müller
99%
312 BVB, Bayern 2010-2022 Polen Robert Lewandowski
95%
150 Bayern 2009-2025 Deutschland Thomas Müller
84%
197 Werder, Bayern, Köln 1999-2020 Peru Claudio Pizarro
83%
170 VfB, Bayern, Wolfsburg, VfB 2003-2019 Deutschland Mario Gomez
75%
156 Gladbach, BVB 2009-2024 Deutschland Marco Reus
70%
162 Bayern 1974-1985 Deutschland Karl-Heinz Rummenigge
60%
144 1.FCN, Bayer 2002-2018 Deutschland Stefan Kießling
60%
137 HSV 1953-1972 Deutschland Uwe Seeler
60%
268 1860, Schalke, Köln, Bochum 1968-1988 Deutschland Klaus Fischer
54%
220 Gladbach, Hannover 1965-1978 Deutschland Jupp Heynckes
50%
182 Bayer 1990-2004 Deutschland Ulf Kirsten
50%
133 VfB, Bayern, Gladbach 1994-2006 Brasilien Giovane Elber
45%
177 Offenbach, Köln, VfB, Saarbrücken 1972-1986 Deutschland Dieter Müller
44%
132 1860, Werder, Bayer 1980-1996 Deutschland Rudi Völler
44%
177 Fortuna, Köln, Werder 1975-1993 Deutschland Klaus Allofs
32%
157 Waldhof, VfB, Arminia 1983-1997 Deutschland Fritz Walter
29%
130 BVB 1981-1999 Deutschland Michael Zorc
29%
136 RWE, HSV, BVB 1975-1986 Deutschland Horst Hrubesch
26%
179 Bochum, Uerdingen, 1.FCK, Arminia 1983-1999 Deutschland Stefan Kuntz
25%
213 RWE, BVB, 1.FCN, Werder 1969-1990 Deutschland Manfred Burgsmüller
24%
160 SGE 1967-1981 Deutschland Bernd Hölzenbein
19%
148 Fortuna, 1.FCK, Köln 1978-1992 Deutschland Thomas Allofs
17%
166 Köln 1964-1979 Deutschland Hannes Löhr
10%
141 SGE 1967-1983 Deutschland Bernd Nickel
6%
Keine übereinstimmenden Quizze gefunden
Verteilung der Resultate
Anzahl Personen mit jedem Resultat
Perzentil nach korrekt beantworteten Fragen
Ihre Resultats-Entwicklung
Sie haben dieses Quiz noch nicht gespielt